000 00724cab a2200253 4500
001 WB3430-27
008 090401t xxu||||| |||| 00| 0 eng d
035 _a(Sirsi) u87877
041 _aeng
245 _aCoastal defences
350 _a0
490 _aFinancial Times
_v6 August 1998, 26
490 _aTimes
_v6 Augsut1 998, 8(2)
520 _aA report from a committee of MPs urges the government to stop the battle against coastal erosion and abandon low lying farmland to the sea.
650 _aCOASTAL AREAS
650 _aCOASTAL DEFENCES
650 _aCOASTAL EROSION
650 _aFARMLAND
650 _aSEA DEFENCES
650 _aTIDAL FLOODING
690 _aLAND
942 _n0
948 _c06/08/1998
999 _c55464
_d55464